| 000 | 00770nam a2200217 a 4500 | ||
|---|---|---|---|
| 005 | 20210223131001.0 | ||
| 008 | 041022s2006 es r 000 0 spa d | ||
| 020 | _a8449318769 | ||
| 035 | _aUPN01000170356 | ||
| 049 | _aCG | ||
| 050 | 4 |
_aBL80.2 _bA7.3a |
|
| 100 | 1 |
_aArmstrong, Karen, _d1944- _931488 |
|
| 245 | 1 | 4 |
_aUna historia de Dios : _b4000 años de búsqueda en el judaísmo, el cristianismo y el islam / _cKaren Armstrong ; tr. María del Carmen Blanco Moreno. |
| 260 |
_aBarcelona, Esp. : _bPaidós, _c2006. |
||
| 300 | _a565 p. | ||
| 440 | 0 |
_aSurcos ; _v23 |
|
| 534 |
_pTraducción de: _tA history of God : the 4000-year quest of judaism, christianity and islam |
||
| 650 | 4 |
_aRELIGIONES _913737 |
|
| 650 | 4 |
_aRELIGION - _xHISTORIA _913284 |
|
| 905 | _aLibro | ||
| 999 |
_c142461 _d142461 |
||